000 00225 a2200097 4500
001 51271
100 _aKhurmi R S
245 _aText Book of Fluid Mechanics.
260 _aNew Delhi
_bS Chand & Co.
_c
090 _c32462
_d32462
942 _aNUST-CAE
_cM
_c24961
999 _c286344
_d286344